Catálogo

Vista normal Vista MARC

Entrada Personal Name

Número de registros utilizados en: 1

001 - CONTROL NUMBER

  • control field: 16713

003 - CONTROL NUMBER IDENTIFIER

  • control field: DLC

005 - DATE AND TIME OF LATEST TRANSACTION

  • control field: 20250502102125.0

008 - FIXED-LENGTH DATA ELEMENTS

  • fixed length control field: 830712n| azannaabn |a aaa

010 ## - LIBRARY OF CONGRESS CONTROL NUMBER

  • LC control number: n 83125611

035 ## - SYSTEM CONTROL NUMBER

  • System control number: (OCoLC)oca00960215

040 ## - CATALOGING SOURCE

  • Original cataloging agency: DLC
  • Language of cataloging: spa
  • Description conventions: rda
  • Transcribing agency: Mx-PuUPA
  • Modifying agency: DLC
  • Modifying agency: OCoLC
  • Modifying agency: UPB
  • Modifying agency: ICU
  • Modifying agency: DLC
  • Modifying agency: UPB
  • Modifying agency: Mx-PuUPA

046 ## - SPECIAL CODED DATES

  • Birth date: 19500304
  • Source of date scheme: edtf

053 #0 - LC CLASSIFICATION NUMBER

  • Classification number element--single number or beginning number of span: PQ7298.412.E93

370 ## - ASSOCIATED PLACE

  • Place of birth: Torreón (Coahuila, México)
  • Other associated place: Ciudad de México (México)
  • Source of term: naf

372 ## - FIELD OF ACTIVITY

  • Field of activity: Filosofía
  • Source of term: lcsh

373 ## - ASSOCIATED GROUP

  • Associated group: Universidad Nacional Autónoma de México. Facultad de Filosofía y Letras
  • Source of term: naf

373 ## - ASSOCIATED GROUP

  • Associated group: Universidad Iberoamericana (Ciudad de México, Mexico)
  • Source of term: naf

373 ## - ASSOCIATED GROUP

  • Associated group: Universidad Nacional Autónoma de México. Instituto de Investigaciones Filológicas
  • Source of term: naf

374 ## - OCCUPATION

  • Occupation: Filósofo
  • Occupation: Autor
  • Source of term: lcsh

375 ## - GENDER

  • Gender: hombre
  • Source of term: lcdgt

377 ## - ASSOCIATED LANGUAGE

  • Language code: spa

378 ## - FULLER FORM OF PERSONAL NAME

  • Fuller form of personal name: Mauricio Hardie Beuchot Puente

400 1# - SEE FROM TRACING--PERSONAL NAME

  • Personal name: Beuchot Puente, Mauricio
  • Dates associated with a name: 1950-

400 1# - SEE FROM TRACING--PERSONAL NAME

  • Personal name: Puente, Mauricio Beuchot
  • Dates associated with a name: 1950-

400 1# - SEE FROM TRACING--PERSONAL NAME

  • Personal name: Beuchot, M.
  • Fuller form of name: (Mauricio)
  • Dates associated with a name: 1950-

670 ## - SOURCE DATA FOUND

  • Source citation: His El problema de los universales, 1981:
  • Information found: t.p. (Mauricio Beuchot)

670 ## - SOURCE DATA FOUND

  • Source citation: Retóricos de la Nueva España, 1996:
  • Information found: t.p. (Mauricio Beuchot Puente)

670 ## - SOURCE DATA FOUND

  • Source citation: El iusnaturalismo actual, 1996:
  • Information found: t.p. (M. Beuchot)

670 ## - SOURCE DATA FOUND

  • Source citation: The history of philosophy in colonial Mexico, 1998:
  • Information found: CIP t.p. (Mauricio Beuchot) data sheet (b. 03-04-1950)

670 ## - SOURCE DATA FOUND

  • Source citation: Poemas de desierto, 2003:
  • Information found: t.p. (Mauricio Beuchot) front flap (professor in the Facultad de Filosofía y Letras at UNAM)

670 ## - SOURCE DATA FOUND

  • Source citation: Actualidad de lo pasado, 2012:
  • Information found: t.p. (Mauricio Beuchot) t.p. verso (Mauricio Hardie Beuchot Puente) front flap (philosopher; b. in Torreón, Coahuila; doctorate in philosophy, Univ. Iberoamericana Ciudad de México; carries out his research at Inst. de Investigaciones Filológicas) p. 9 (Seminario de Hermenéutica, Inst. de Investigaciones Filológicas, Univ. Nac. Aut. de México)